Africa: Geography and more by Letter D - Statistics

General Stats
  • This quiz has been taken 126 times
  • The average score is 8 of 16
Answer Stats
Hint Answer % Correct
One of the smallest Countries of Africa Djibouti
92%
In some of the biggest Mines of the World you find this very hard and very precious jewel Diamond
87%
Full Name of one of the biggest Countries in Africa, once Zaire Democratic Republic of the Congo
85%
Big City on the East Coast of South Africa Durban
85%
Name of a Capital in Westafrica Dakar
83%
Dry Area, on no continent you will find a bigger one Desert
80%
Seat of Government in Tanzania Dar es Salaam
77%
Biggest City in Cameroon Douala
53%
Eighth largest City in Tanzania (to ask a little more difficult about this city) Dodoma
51%
Mountain Chain in South Africa: World Cultural Heritage Drakensberg
40%
Tropical disease, which occurs among others in Central Africa Dengue Fever
37%
Holiday destination: Island belonging to Tunisia Djerba
30%
Which beninese-american actor starred in "Amistad" and "Gladiator" (Forename starting with D) Djimon Hounsou
12%
The richest man of Africa Aliko Dangote
3%
National dish from Ethiopia Doro Wot
2%
Female Human rights activist, Model and author from Ethiopia, now Austrian Waris Dirie
2%
No matching quizzes found
Score Distribution
Percent of People with Each Score
Percentile by Number Answered
Your Score History
You have not taken this quiz